| 000 | 00000nam##2200000za#4500 |
| 001 | 9.558593 |
| 003 | CaOODSP |
| 005 | 20230131161132 |
| 007 | cr ||||||||||| |
| 008 | 150406|2003||||xxc|||||o f|0| 0 eng|d |
| 020 | |a0-662-35069-3 |
| 040 | |aCaOODSP|beng |
| 043 | |an-cn--- |
| 086 | 1 |aM44-2003/F2E-PDF |
| 110 | 2 |aGeological Survey of Canada. |
| 245 | 10|aSHRIMP U-Pb detrital zircon geochronology of Athabasca Group sandstones, northern Saskatchewan and Alberta / |h[electronic resource]|c[by] N.M. Rayner, R.A. Stern, and R.H. Rainbird. |
| 260 | |aOttawa - Ontario : |bNatural Resources Canada. |cc2003. |
| 300 | |a22p.|bcoloured figs., coloured map, graphs, references, tables, photographs |
| 490 | 1 |aCurrent research 2003|v2003-F2 |
| 546 | |a(Résumé en français.) |
| 590 | |a14-09-Supp|b2014-04-23 |
| 690 | 07|aGeology|2gcpds |
| 830 | #0|aCurrent research (Geological Survey of Canada)|v2003-F2|w(CaOODSP)9.506236 |
| 856 | 40|ahttp://publications.gc.ca|qPDF|s13.65 MB|uhttps://publications.gc.ca/collections/collection_2013/rncan-nrcan/M44-2003-F2-eng.pdf|y2003-F2 |